Normal view MARC view

Entry Nombre personal

Number of records used in: 1

001 - NÚMERO DE CONTROL

  • campo de control: 1056

003 - IDENTIFICADOR DE NÚMERO DE CONTROL

  • campo de control: DLC

005 - FECHA Y HORA DE LA ÚLTIMA TRANSACCIÓN

  • campo de control: 20260415102722.0

008 - ELEMENTOS DE DATO DE LONGITUD-FIJA

  • campo de control de longitud fija: 910702n| acannaabn |b aaa c

010 ## - NÚMERO DE CONTROL DE LA BIBLIOTECA DEL CONGRESO

  • Número de control de LC: no 91016489

035 ## - NÚMERO DE CONTROL DEL SISTEMA

  • Número de control de sistema: (OCoLC)oca02977206

040 ## - FUENTE DE CATALOGACIÓN

  • Centro catalogador/agencia de origen: O
  • Lengua de catalogación: eng
  • Centro/agencia transcriptor: O
  • Centro/agencia modificador: OCoLC

100 1# - ENCABEZAMIENTO-NOMBRE DE PERSONA

  • Nombre de persona: Broadrick, Annette

400 1# - TRAZADO DE VÉASE--NOMBRE DE PERSONA

  • Nombre de persona: アネット・ブロードリック

670 ## - FUENTE DE DATOS ENCONTRADOS

  • Cita de la fuente: Her The Gemini man, c1991:
  • Información encontrada: t.p. (Annette Broadrick) p. 5 (lives in Missouri; 1st bk. published in 1984)

675 ## - FUENTE DE DATOS NO ENCONTRADOS

  • Cita de la fuente: Contemp. auth., c1991